Normal view
MARC view
Entry Topical Term
001 - CONTROL NUMBER
- control field: 31019
003 - CONTROL NUMBER IDENTIFIER
- control field: OSt
005 - DATE AND TIME OF LATEST TRANSACTION
- control field: 20220509151414.0
008 - FIXED-LENGTH DATA ELEMENTS
- fixed length control field: 220509|| aca||aabn | a|a d
040 ## - CATALOGING SOURCE
- Original cataloging agency: OSt
- Transcribing agency: OSt
150 ## - HEADING--TOPICAL TERM
- Topical term or geographic name entry element: Representative bureaucracy, Symbolic representation, Immigration, Education, Cooperation, Coproduction, Undocumented students
670 ## - SOURCE DATA FOUND
- Source citation: Work cat.: (OSt): Hawes, Daniel P. 31018, Symbolic representation, cooperation, and undocumented immigrants: The role of representation in improving assessments of cooperative behaviors in education
